[Event "Corsica-chT"]
[Site "Porticcio"]
[Date "2007.05.13"]
[Round "5.1"]
[White "Massoni, Michael"]
[Black "Capard, Philippe"]
[Result "1/2-1/2"]
[WhiteElo "2055"]
[BlackElo "1844"]
[PlyCount "67"]
[EventDate "2007.03.07"]
[EventType "team"]
[EventRounds "9"]
[EventCountry "FRA"]
[SourceTitle "CBM 117 Extra"]
[Source "ChessBase"]
[SourceDate "2007.05.09"]
[SourceVersion "1"]
[SourceVersionDate "2007.05.09"]
[SourceQuality "1"]
[WhiteTeam "Corsica CC Dream Team"]
[BlackTeam "Echiquier Grand Sud"]
[WhiteTeamCountry "FRA"]
[BlackTeamCountry "FRA"]

1. e4 e6 2. d4 d5 3. Nc3 Bb4 4. a3 Bxc3+ 5. bxc3 Ne7 6. e5 c5 7. Nf3 Qa5 8. Bd2 Nbc6 9. Bd3 c4 10. Be2 Bd7 11. 0-0 h6 12. h3 0-0-0 13. Nh2 f6 14. f4 Rdf8 15. Qe1 Qa4 16. Ra2 f5 17. Nf3 Rfg8 18. Kh1 Nd8 19. Rb2 Nec6 20. Bc1 Nf7 21. Nh2 g5 22. Bh5 Be8 23. Bd2 Qxa3 24. Qb1 Nfd8 25. Bf3 gxf4 26. Ra2 Qe7 27. Bxf4 Qh4 28. Be3 Rh7 29. Qd1 Rhg7 30. Qe2 a6 31. Bf2 Qg5 32. Be3 Qh4 33. Bf2 Qg5 34. Be3 1/2-1/2

[Event "Corsica-chT"]
[Site "Porticcio"]
[Date "2007.04.01"]
[Round "3.1"]
[White "Szymanski, Piotr2222"]
[Black "Capard, Philippe"]
[Result "0-1"]
[WhiteElo "1899"]
[BlackElo "1844"]
[PlyCount "90"]
[EventDate "2007.03.07"]
[EventType "team"]
[EventRounds "9"]
[EventCountry "FRA"]
[SourceTitle "CBM 117 Extra"]
[Source "ChessBase"]
[SourceDate "2007.05.09"]
[SourceVersion "1"]
[SourceVersionDate "2007.05.09"]
[SourceQuality "1"]
[WhiteTeam "Vallee du Golo"]
[BlackTeam "Echiquier Grand Sud"]
[WhiteTeamCountry "FRA"]
[BlackTeamCountry "FRA"]

1. d4 e6 2. Nf3 d5 3. c4 Nf6 4. Bg5 Nbd7 5. Nc3 c6 6. e3 Qa5 7. Nd2 Bb4 8. Qc2 0-0 9. Be2 Re8 10. 0-0 Qd8 11. Rac1 Be7 12. Rfd1 h6 13. Bf4 Nh7 14. e4 Ndf6 15. cxd5 exd5 16. e5 Nd7 17. Bh5 Ndf8 18. Qd3 Bg5 19. Bg3 g6 20. Bf3 Bf5 21. Qf1 Ne6 22. Be2 Nxd4 23. f4 Nxe2+ 24. Nxe2 Be7 25. Nd4 Bg4 26. Re1 Qb6 27. N2b3 c5 28. Nc2 d4 29. Qf2 Be6 30. Bh4 Qd8 31. Bxe7 Qxe7 32. h3 Rac8 33. g4 Bd5 34. Kh2 Red8 35. f5 Bxb3 36. axb3 d3 37. f6 Qf8 38. e6 Qd6+ 39. Kh1 fxe6 40. Qh4 Qd5+ 41. Kh2 Qg5 42. f7+ Kf8 43. Qg3 d2 44. Qc3 Nf6 45. Re5 Qf4+ 0-1